Southville International School and Colleges
Your cart is empty.
  • Cart
  • Lists
    Public lists list_1 View all
    Your lists Log in to create your own lists
  • Log in to your account
  • Your cookies
  • Search history
Southville International School and Colleges
  • Advanced search
  • Recent comments
  • Most popular
  • Libraries

Log in to your account

Log in with GOOGLE


If you do not have an external account, but do have a local account, you can still log in:

  1. Home
  2. MARC view: Open court reading (Green), Level 2, Bk. 1. /
Normal view MARC view ISBD view

Open court reading (Green), Level 2, Bk. 1. / (Record no. 105176)

[ view plain ]
MARC details
000 -LEADER
fixed length control field 00710nam a2200241 a 4500
005 - DATE AND TIME OF LATEST TRANSACTION
control field 20140412111344.0
008 - FIXED-LENGTH DATA ELEMENTS--GENERAL INFORMATION
fixed length control field 040524s19uu xx 00 eng d
020 ## - INTERNATIONAL STANDARD BOOK NUMBER
International Standard Book Number 0-02-830907-3
050 ## - LIBRARY OF CONGRESS CALL NUMBER
Classification number TR(GS 372.4
Item number B35 2002
050 ## - LIBRARY OF CONGRESS CALL NUMBER
Classification number TR(GS 372.4
Item number B35 L.2-B.1
100 ## - MAIN ENTRY--PERSONAL NAME
Personal name Beretier, Carl
245 ## - TITLE STATEMENT
Title Open court reading (Green), Level 2, Bk. 1. /
Statement of responsibility, etc Carl Beretier & et al.
250 ## - EDITION STATEMENT
Edition statement Teacher's Edition
260 ## - PUBLICATION, DISTRIBUTION, ETC. (IMPRINT)
Place of publication, distribution, etc Columbus, Ohio :
Name of publisher, distributor, etc SRA/McGraw-Hill,
Date of publication, distribution, etc 2002.
300 ## - PHYSICAL DESCRIPTION
Extent xx p. 414 p.
440 ## - SERIES STATEMENT/ADDED ENTRY--TITLE
Title SRA Open Court Reading
650 ## - SUBJECT ADDED ENTRY--TOPICAL TERM
Topical term or geographic name as entry element Reading--Study and teaching
650 ## - SUBJECT ADDED ENTRY--TOPICAL TERM
Topical term or geographic name as entry element English language--Study and teaching
Holdings
Withdrawn status Lost status Damaged status Use restrictions Home library Current library Shelving location Date acquired Source of acquisition Total Checkouts Full call number Barcode Date last seen Price effective from Koha item type
        Elizalde Library Elizalde Library Teachers Reference Section 05/24/2004     TR(GS 372.4 B35 2002 E9531 04/12/2014 04/12/2014 Books
        Elizalde Library Elizalde Library Teachers Reference Section 11/04/2005     TR(GS 372.4 B35 L.2-B.1 E9966 04/12/2014 04/12/2014 Books
        Elizalde Library Elizalde Library Teachers Reference Section 11/04/2005     TR(GS 372.4 B35 L.2-B.1 E9967 04/12/2014 04/12/2014 Books
        Elizalde Library Elizalde Library Teachers Reference Section 11/04/2005     TR(GS 372.4 B35 L.2-B.1 E9968 04/12/2014 04/12/2014 Books

Open court reading (Green), Level 2, Bk. 1. /

APA

Beretier C., . (2002). Open court reading (Green), Level 2, Bk. 1. Columbus, Ohio: SRA/McGraw-Hill.

Chicago

Beretier Carl, . 2002. Open court reading (Green), Level 2, Bk. 1. Columbus, Ohio: SRA/McGraw-Hill.

Harvard

Beretier C., . (2002). Open court reading (Green), Level 2, Bk. 1. Columbus, Ohio: SRA/McGraw-Hill.

MLA

Beretier Carl, . Open court reading (Green), Level 2, Bk. 1. Columbus, Ohio: SRA/McGraw-Hill. 2002.

  • Place hold
  • Print
  • Cite
  • Add to your cart (remove)
  • Save record
    BIBTEX Dublin Core MARCXML MARC (non-Unicode/MARC-8) MARC (Unicode/UTF-8) MARC (Unicode/UTF-8, Standard) MODS (XML) RIS
  • More searches
    Search for this title in:
    Other Libraries (WorldCat) Other Databases (Google Scholar) Online Stores (Bookfinder.com) Open Library (openlibrary.org)

Exporting to Dublin Core...

SOUTHVILLE LIBRARY

Southville International School and Colleges Library

1281 Tropical Ave. Cor. Luxembourg St., BF Homes International, Las Pinas City

Tel. No. 8256374 / 252358 Loc. 117/146

Powered by Koha